000 00657nam a2200277Ia 4500
003 OSt
005 20231212121415.0
008 210210b2015 xxu||||| |||| 00| 0 eng d
040 _cAL
041 _aeng
082 _a032.02 MANO
100 _aMANORAMA YEAR BOOK
_9145162
245 _aManorama year book 2015
250 _a50
260 _aKottayam
_bMalayala Manorama
_c2015
300 _a1038
650 _ayear
_9145163
650 _aManorama
_9145164
650 _aEd
_9145165
650 _abook
_9145166
650 _a50
_9145167
650 _a2015
_9145168
690 _aGeneral Knowledge
_9145169
906 _a069207
942 _2ddc
_cBK
999 _c153332
_d153332